____ The/Of ____ Games - Statistics

General Stats
  • This quiz has been taken 12 times
  • The average score is 4 of 16
Answer Stats
Picture Answer % Correct
{Sonic} The {Hedgehog}
92%
{Clash} Of {Clans}
75%
{League} Of {Legends}
67%
{The Binding} Of {Isaac}
42%
{Paper Mario:} The {Thousand-Year Door}
33%
{Kao} The {Kangaroo}
25%
{Ori &} The {Blind Forest}
25%
{PaRappa} The {Rapper}
25%
{Crash} Of The {Titans}
17%
{Ecco} The {Dolphin}
17%
{Dan} The {Man}
8%
{The Secret} Of {Monkey Island}
8%
{Blinx} The {Time Sweeper}
0%
{Breaking} The {Bank}
0%
{Professor Layton &} The {New World} Of {Steam}
0%
{The Case} Of The {Golden Idol}
0%
No matching quizzes found
Score Distribution
Percent of People with Each Score
Percentile by Number Answered
Your Score History
You have not taken this quiz